[Event "ARG-ch"]
[Site "?"]
[Date "1995.??.??"]
[Round "13"]
[White "Zarnicki, Pablo"]
[Black "Tempone, Marcelo"]
[Result "1/2-1/2"]
[WhiteElo "2570"]
[BlackElo "2435"]

1.e4 e6 2.d4 d5 3.Nd2 a6 4.Ngf3 c5 5.Bd3 Nc6 6.exd5 exd5 7.O-O c4 8.Re1+ Be7
9.Bf1 Nf6 10.c3 Bg4 11.b3 cxb3 12.Qxb3 Bc8 13.Ne5 O-O 14.Nxc6 bxc6 15.Rxe7 Qxe7
16.Ba3 Qd8 17.Bxf8 Qxf8 18.Bd3 c5 19.Qb6 c4 20.Bc2 Bd7 21.Rb1 Re8 22.Nf3 Re2
23.Rb2 Re6 24.Qc5 Qd8 25.h3 Be8 26.Ne5 g6 27.Rb7 Nh5 28.Qc7 Qg5 29.Nxf7 Qc1+
30.Kh2 Re1 31.g3 Re2 32.Kg2 Qd2 33.Nh6+ Qxh6 34.Bd1 Re1 35.Qd8 Qf8 36.Bxh5 gxh5
37.Qxd5+ Bf7 38.Qg5+ Bg6 39.Rd7 Kh8 40.Rd8 Re8 41.Rxe8 Qxe8 42.Qf6+ Kg8 43.Qxa6 Be4+
44.Kh2 Bd5 45.Qd6 Qe4 46.Qd8+ Kf7 47.Qd7+ Kg6 48.Qd6+ Kf7 49.Qd7+ Kg6 50.Qd6+  1/2-1/2

[Event "ARG-Cup"]
[Site "?"]
[Date "1995.??.??"]
[Round "5"]
[White "Valerga, Diego"]
[Black "Roca, Alfredo"]
[Result "1-0"]
[WhiteElo "2475"]
[BlackElo "2380"]

1.e4 e6 2.d4 d5 3.Nd2 a6 4.Ngf3 c5 5.dxc5 Bxc5 6.Bd3 Nc6 7.O-O Nge7 8.a3 O-O
9.Qe2 Ng6 10.g3 Nge5 11.Nxe5 Nxe5 12.Nb3 Ba7 13.exd5 Nxd3 14.Qxd3 exd5 15.Be3 Bxe3
16.Qxe3 Re8 17.Qd3 Qf6 18.Nd4 Re4 19.Rfe1 Qe5 20.Nf3 Qc7 21.Ng5 Bf5 22.Nxe4 Bxe4
23.Qd4 Qxc2 24.Rac1 Qb3 25.Qc3 Qxc3 26.Rxc3 h6 27.Rd1 Rd8 28.Rd4 Rd7 29.g4 f6
30.a4 Bg6 31.f3 Kf8 32.Kf2 Ke7 33.Rc8 Bf7 34.a5 Rd8 35.Rxd8 Kxd8 36.Ke3 Kc7
37.Rb4 Be8 38.Kd4 Bc6 39.Kc5 Kd7 40.Rb3 Ke6 41.Re3+ Kf7 42.f4 Kf8 43.f5 Kf7
44.b4 Kf8 45.Re6 Kf7 46.b5 Bxb5 47.Kxd5 Bf1 48.Rb6 Bg2+ 49.Kd6 Bf3 50.h3 Bg2
51.Rb3 g6 52.Kc7 gxf5 53.gxf5 h5 54.h4 Be4 55.Rxb7 Bxf5 56.Kb6+ Kg6 57.Kxa6 Bd3+
58.Kb6 Kf5 59.Rg7 Ke4 60.a6 Bxa6 61.Kxa6 f5 62.Rg5 f4 63.Rxh5 f3 64.Rh8  1-0

[Event "Arhus Sommer"]
[Site "Arhus"]
[Date "1995.??.??"]
[Round "6"]
[White "Holst, Allan"]
[Black "Nielsen, Lars Aaes"]
[Result "0-1"]
[WhiteElo "2340"]
[BlackElo "2220"]

1.e4 e6 2.d4 d5 3.Nd2 Nc6 4.Ngf3 Nf6 5.e5 Nd7 6.Bd3 f6 7.exf6 Qxf6 8.O-O Nxd4
9.Nxd4 Qxd4 10.Nf3 Qg4 11.h3 Qh5 12.g4 Qxh3 13.Ng5 Qh4 14.Kg2 Nf6 15.f3 Bd6
16.Rh1 Qg3+ 17.Kf1 Nxg4 18.Bg6+ Ke7 19.fxg4 Rf8+ 20.Bf5 b6 21.Qe2 Ba6 22.Qxa6 Qxg4
23.Be3 Rxf5+ 24.Ke1 d4 25.Qe2 Qxe2+ 26.Kxe2 dxe3 27.Ne4 h6 28.Rag1 Kf7 29.Kxe3 Bc5+
30.Nxc5 Rxc5 31.Rd1 Re8 32.Rhf1+ Rf5 33.Rg1 Re5+ 34.Kf4 Rd5 35.Rdf1 Rf5+
36.Ke4 Rxf1 37.Rxf1+ Ke7 38.c4 g5 39.b4 Rf8 40.Rh1 Rf4+ 41.Ke5 Rh4 42.Rc1 h5
43.a4 Rh2 44.c5 Re2+ 45.Kd4 Rb2 46.Kc3 Rg2 47.c6 Rf2 48.Rd1 Rf7 49.a5 g4
50.Kc4 bxa5  0-1

[Event "Asti op"]
[Site "Asti"]
[Date "1995.??.??"]
[Round "8"]
[White "Godena, Michele"]
[Black "Legky, Nikolay A"]
[Result "1-0"]
[WhiteElo "2420"]
[BlackElo "2510"]

1.e4 e6 2.d4 d5 3.Nd2 a6 4.Ngf3 c5 5.exd5 exd5 6.dxc5 Bxc5 7.Nb3 Bb6 8.Bd3 Qe7+
9.Qe2 Nc6 10.Bg5 f6 11.Bd2 Bg4 12.Qxe7+ Ngxe7 13.Be2 Bf5 14.c3 Kf7 15.O-O Rhe8
16.Rfe1 Rad8 17.Rad1 Bc2 18.Rc1 Be4 19.Nfd4 Ne5 20.Rcd1 Bd3 21.Bc1 Bxe2 22.Rxe2 N7c6
23.Kf1 g6 24.h3 h5 25.Nc2 Nc4 26.Rxe8 Kxe8 27.Nbd4 Bxd4 28.Nxd4 Kf7 29.Nxc6 bxc6
30.b3 Ne5 31.Rd4 c5 32.Ra4 d4 33.Bd2 Rd6 34.f4 Nd7 35.cxd4 Rxd4 36.Rxd4 cxd4
37.Ke2 Ke6 38.Kd3 Kd5 39.Bb4 f5 40.Be7 Nb8 41.b4 Nd7 42.h4 Nb8 43.Bf6 Nc6
44.a3 Na7 45.Bxd4 Nb5 46.Bb2 Nd6 47.a4 Nc4 48.Bd4 Nd6 49.Bg1 Nc4 50.b5 axb5
51.axb5 Nd6 52.b6 Nb7 53.Bd4 Nd6 54.Bf2 Nb7 55.Kc3 Nd6 56.Kb4 Kc6 57.Ka5 Kb7
58.Bd4 Nf7 59.Kb5 Nd8 60.Bc5 Ne6 61.Be3  1-0

[Event "AUT-chT2W 9495"]
[Site "Austria"]
[Date "1995.??.??"]
[Round "?.6"]
[White "Hillgarter, Christoph"]
[Black "Lochner, Herbert"]
[Result "1-0"]
[WhiteElo "1900"]
[BlackElo "1840"]

1.e4 e6 2.d4 d5 3.Nd2 a6 4.Ngf3 c5 5.c3 Nc6 6.exd5 exd5 7.Nb3 c4 8.Nbd2 Bd6
9.Be2 b5 10.O-O Nge7 11.Re1 O-O 12.Nf1 Qc7 13.Ng3 f5 14.Bg5 h6 15.Bxe7 Nxe7
16.Ne5 f4 17.Nf1 Rf5 18.Bg4 Rg5 19.h4 Bxg4 20.Nxg4 Rf5 21.Nd2 Raf8 22.Nf3 Rh5
23.Re6 Nf5 24.Nge5 Qc8 25.Rg6 Bxe5 26.dxe5 Kh7 27.Rb6 Nxh4 28.Nxh4 Rxh4 29.Qxd5 f3
30.e6 fxg2 31.Qxg2 Rf6 32.Qd5 Rg4+ 33.Kh1 Rg5 34.Qe4+ Rff5 35.Rg1 Kg8 36.Rxg5 Rxg5
37.Qf4 Qa8+ 38.f3 Qd5 39.Rd6 Qc5 40.Rd8+ Kh7 41.Qe4+ Rg6 42.Rh8+ Kxh8 43.Qxg6 Qf8
44.Qf7 Qg8 45.Qd7 Qf8 46.Kg2 Qf5 47.Qd8+ Kh7 48.e7 Qg5+ 49.Kf2 Qh4+ 50.Ke3 Qe1+
51.Kd4 Qd2+ 52.Kc5 Qe3+ 53.Kb4  1-0

[Event "AUT-chT2O 9596"]
[Site "AUT"]
[Date "1995.??.??"]
[Round "6"]
[White "Hofbauer, Martin"]
[Black "Staudner, Oliver"]
[Result "1/2-1/2"]
[WhiteElo "2275"]
[BlackElo "2280"]

1.e4 e6 2.d4 d5 3.Nd2 a6 4.e5 Bd7 5.g3 c5 6.f4 Nc6 7.Ndf3 Nh6 8.Bh3 cxd4
9.Ne2 Qa5+ 10.Kf1 Nf5 11.Bxf5 exf5 12.Nexd4 Be7 13.Kg2 O-O 14.Re1 Be6 15.Be3 Nxd4
16.Bxd4 Rac8  1/2-1/2

[Event "Bad Woerishofen op"]
[Site "Bad Woerishofen"]
[Date "1995.??.??"]
[Round "5"]
[White "Wells, Peter K"]
[Black "Paehtz, Thomas Sr"]
[Result "1-0"]
[WhiteElo "2530"]
[BlackElo "2460"]

1.e4 e6 2.d4 d5 3.Nd2 Be7 4.Ngf3 Nf6 5.e5 Nfd7 6.c3 c5 7.Bd3 Nc6 8.O-O a5
9.Re1 a4 10.dxc5 Nxc5 11.Bc2 f6 12.Nf1 f5 13.Nd4 O-O 14.Be3 Bd7 15.Nxf5 Rxf5
16.Bxf5 Qb6 17.Re2 Qc7 18.Kh1 Rf8 19.Ng3 g6 20.Bc2 Nxe5 21.Bd4 Ng4 22.h3 Nh6
23.Be5 Qd8 24.b4 axb3 25.axb3 Nf7 26.Bd4 Qc7 27.Re3 Bg5 28.Re1 e5 29.Bxc5 Qxc5
30.Ne4 dxe4 31.Qxd7 Qxf2 32.Bxe4 Bf4 33.Qd3 Ng5 34.Bd5+ Kh8 35.Rf1 Qh4 36.Ra2 Rd8
37.c4 h5 38.Raf2 Kh7 39.Re2 Rf8 40.Ref2 Ra8 41.Bxb7 Ra7 42.Bd5 Bg3 43.Qe3 Re7
44.Rf8  1-0

[Event "Regionalliga SW9596"]
[Site "Bayern"]
[Date "1995.??.??"]
[Round "?"]
[White "Reisch, Stefan"]
[Black "Baeurle, Stefan"]
[Result "1-0"]
[WhiteElo "1970"]
[BlackElo "1995"]

1.e4 e6 2.d4 d5 3.Nd2 Nc6 4.Ngf3 Nf6 5.e5 Nd7 6.c3 f6 7.exf6 Qxf6 8.Be2 e5
9.dxe5 Ncxe5 10.Nxe5 Nxe5 11.Nf3 c6 12.Nxe5 Qxe5 13.O-O Be7 14.Bh5+ g6 15.Re1 Qf6
16.Bh6 Bf5 17.Qd2 O-O-O 18.Bf3 Rhe8 19.Be3 Kb8 20.Qd1 h5 21.Qa4 b6 22.Bd4 Qf8
23.Qxc6 Be4 24.Rxe4  1-0

[Event "Regionalliga SW9596"]
[Site "Bayern"]
[Date "1995.??.??"]
[Round "?"]
[White "Maugg, Ludwig"]
[Black "Kuehn, Manfred"]
[Result "1/2-1/2"]
[WhiteElo "2195"]
[BlackElo "2280"]

1.d4 e6 2.e4 d5 3.Nd2 Be7 4.Ngf3 Nf6 5.e5 Nfd7 6.Bd3 c5 7.c3 Nc6 8.O-O a5
9.a4 cxd4 10.cxd4 Nb4 11.Bb1 b6 12.Re1 Ba6 13.Nf1 Rc8 14.Bf4 Rc6 15.h3 Nf8
16.Ra3 Ng6 17.Bd2 O-O 18.Rc3 Qd7 19.Rxc6 Nxc6 20.h4 Rc8 21.h5 Nf8 22.h6 g6
23.Ne3 Qd8 24.Ng4 Nd7 25.Re3 b5 26.axb5 Bxb5 27.Rc3 Qb6 28.Be3 Rb8 29.Bc1 Bb4
30.Re3 Rc8 31.b3 Ra8 32.Bb2 a4 33.bxa4 Bxa4 34.Bc2 Bb5 35.Bb3 Be7 36.Kh2 Na5
37.Qd2 Nc4 38.Bxc4 Bxc4 39.Bc3 Ra2 40.Qe1 Qb5 41.Kg3 Be2 42.Bd2 Bd3 43.Qc1 Bc4
44.Rc3 Qb2 45.Qxb2 Rxb2  1/2-1/2

[Event "Regionalliga SO9495"]
[Site "Bayern"]
[Date "1995.??.??"]
[Round "3"]
[White "Farsach, Christof"]
[Black "Gibis, Reinhard"]
[Result "1-0"]
[WhiteElo "2005"]
[BlackElo "2030"]

1.e4 e6 2.d4 d5 3.Nd2 Be7 4.Ngf3 dxe4 5.Nxe4 Nf6 6.Bd3 Nbd7 7.Be3 Nxe4 8.Bxe4 Nf6
9.Bd3 O-O 10.Ne5 c5 11.c3 Nd5 12.Qh5 f5 13.O-O Bf6 14.Rad1 Qe7 15.Bc4 g6
16.Qf3 f4 17.Bd2 Nb6 18.Bb3 Bxe5 19.dxe5 Bd7 20.Qxb7 f3 21.Bh6 Rf7 22.Qe4 Qe8
23.Rd6 c4 24.Bxc4 Nxc4 25.Qxc4 Bb5 26.Qxe6 Qxe6 27.Rxe6 Bxf1 28.Kxf1 fxg2+
29.Kxg2 Rc7 30.Rd6 Kf7 31.Be3 Rb8 32.Rd2 Ke6 33.Bd4 a5 34.b3 Rd8 35.a3 Rb7
36.b4 a4 37.Kf3 Rbd7 38.Ke4 Rf7 39.c4 g5 40.b5 Rf4+ 41.Ke3 Kf5 42.f3 h5 43.c5 g4
44.fxg4+ hxg4 45.c6 Rh8 46.c7 Rf3+ 47.Ke2 Rb3 48.b6 Rb1 49.e6 Rxh2+ 50.Kd3 Rh3+
51.Kc2 Rhh1 52.Bb2  1-0

[Event "Regionalliga NO9495"]
[Site "Bayern"]
[Date "1995.??.??"]
[Round "7"]
[White "Churt, Kerstin"]
[Black "Noble, Alexander"]
[Result "1-0"]
[WhiteElo "1895"]
[BlackElo "2060"]

1.e4 e6 2.d4 d5 3.Nd2 Nc6 4.Ngf3 Nf6 5.e5 Nd7 6.c3 f6 7.exf6 Qxf6 8.Bb5 Bd6
9.O-O O-O 10.Nb3 a6 11.Bg5 Qf7 12.Bxc6 bxc6 13.Qc2 Qh5 14.Nbd2 e5 15.dxe5 Nxe5
16.Nxe5 Qxg5 17.Ndf3 Qh5 18.Rfe1 Bf5 19.Qd2 Be4 20.Qd4 Rae8 21.g4 Qh3 22.Rxe4 dxe4
23.Qc4+ Kh8 24.Ng5 Qxh2+ 25.Kxh2 Rxe5 26.Kg2 Rxg5 27.Qxe4 Re5 28.Qd3 a5 29.Rh1 h6
30.Rh3 Rf4 31.f3 c5 32.c4 Rd4 33.Qc2 Re1 34.Rh1 Re3 35.Rd1 Rf4 36.Qf2 Re5
37.b3 Rf8 38.Re1 Rfe8 39.Rxe5 Rxe5 40.Qd2 Re8 41.Qxa5 Re2+ 42.Kf1 Rh2 43.Qa8+ Kh7
44.a4 Rb2 45.a5 Rxb3 46.a6 c6 47.a7 Rxf3+ 48.Ke2 Ra3 49.Qb7 Be5 50.a8=Q Rxa8
51.Qxa8 Bd4 52.Qxc6 Kg8 53.Qe8+ Kh7 54.Kf3 Bf6 55.Ke4 Bd4 56.Kf5 Bf6 57.Ke6 Bd4
58.Kf7 h5 59.g5  1-0

[Event "Bern op"]
[Site "Bern"]
[Date "1995.??.??"]
[Round "8"]
[White "Spraggett, Kevin"]
[Black "Beliavsky, Alexander G"]
[Result "1/2-1/2"]
[WhiteElo "2520"]
[BlackElo "2650"]

1.e4 e6 2.d4 d5 3.Nd2 Nc6 4.Ngf3 Nf6 5.e5 Nd7 6.Be2 f6 7.exf6 Nxf6 8.O-O Bd6
9.c4 O-O 10.b3 Ng4 11.Bb2 Qf6 12.Qc2 Bd7 13.Rae1 Nb4 14.Qd1 Nxa2 15.h3 Nh6
16.c5 Be7 17.Qa1 Nb4 18.Qa5 Nc6 19.Qxc7 Bc8 20.Bb5 Bd8 21.Qh2 Nf7 22.Rc1 Bd7
23.Be2 Rc8 24.Qg3 Bc7 25.Qh4 g5 26.Qh5 Qg7 27.g3 Bd8 28.Bd3 Bf6 29.Rfe1 h6
30.Qg6 Nh8 31.Qxg7+ Bxg7 32.Bf1 Ng6 33.Bc3 a6 34.b4 Rf7 35.Bg2 Rcf8 36.Re3 Nge7
37.Nb3 Nf5 38.Rd3 Kh7 39.Re1 Kg6 40.Na5 Nxa5 41.bxa5 Ne7 42.Rb1 Bc8 43.Rb2 Nc6
44.h4 Bf6 45.hxg5 hxg5 46.Nh2 Bd8 47.Ra2 Bd7 48.Ng4 Kh5 49.Ne3 Be8 50.Rd1 Re7
51.Bf1 Bg6 52.f3 Kh6 53.Kg2 Kg7 54.Be2 Kf7 55.Rh1 Ke8 56.Rh6 Rg8 57.Ng4 Rh7
58.Rxg6 Rxg6 59.Bd3 Rgg7 60.Bxh7 Rxh7 61.Ra1 Kd7 62.Kf2 Rh8 63.Kg2 Rh7 64.Kf2 Na7
65.Bd2 Nc6 66.Bc3 Kc8 67.Kg2 Rf7 68.Ra2 Bf6 69.Nxf6 Rxf6 70.Ra1 Rh6 71.g4 Rh7
72.Kg3 Kd7 73.Rb1 Ke8 74.Kg2 Kf8 75.Kg3 Kg8 76.Kf2 Kf8  1/2-1/2

[Event "Biel Credis op"]
[Site "Biel"]
[Date "1995.??.??"]
[Round "3"]
[White "Donev, Ivo Hristov"]
[Black "Masserey, Yvan"]
[Result "1/2-1/2"]
[WhiteElo "2385"]
[BlackElo "2350"]

1.e4 e6 2.d4 d5 3.Nd2 a6 4.Ngf3 c5 5.exd5 exd5 6.dxc5 Bxc5 7.Nb3 Bb6 8.Bd3 Qe7+
9.Qe2 Qxe2+ 10.Kxe2 Nc6 11.Be3 Bxe3 12.Kxe3 Nge7 13.Rhe1 O-O 14.Nfd4 Nxd4
15.Nxd4 Bd7 16.Kd2 Nc6 17.c3 Rfe8 18.f3 h6 19.Rxe8+ Rxe8 20.Nxc6 Bxc6 21.a4 Kf8
22.b4 Ra8 23.Ke3 Ke7 24.Kd4 Kd6 25.Ra2 Bd7 26.a5 Bc6 27.Re2 Re8 28.Rxe8 Bxe8
29.f4 f6 30.Be2 Ba4 31.c4 dxc4 32.Bf3 Bc6 33.Bxc6 Kxc6 34.Kxc4 b6 35.axb6  1/2-1/2

[Event "RUS-chT"]
[Site "Briansk"]
[Date "1995.??.??"]
[Round "8"]
[White "Eismont, Oleg"]
[Black "Iljushin, Alexei"]
[Result "1/2-1/2"]
[WhiteElo "2435"]
[BlackElo "2330"]

1.e4 e6 2.d4 d5 3.Nd2 a6 4.Ngf3 c5 5.dxc5 Bxc5 6.Bd3 Nc6 7.c3 Nge7 8.O-O O-O
9.e5 Ng6 10.Re1 Bd7 11.Nb3 Be7 12.Qe2 Re8 13.Nbd4 Nxd4 14.Nxd4 f6 15.Bxg6 hxg6
16.Nf3 Kf7 17.Bf4 Rc8 18.Rad1 Rc4 19.Rd4 Rxd4 20.Nxd4 f5 21.Nf3 Rh8 22.Nd4 Bc5
23.Be3 Bxd4 24.Bxd4 Qh4 25.h3 g5 26.f3 Bb5 27.Qf2 Qxf2+ 28.Kxf2 f4 29.Rd1 Kg6
30.b3 Kf5 31.Ke1 Rc8 32.Kd2 Be8 33.a4 b5 34.axb5 Bxb5 35.Ra1 Ra8 36.Ke1 a5
37.Kf2 a4 38.bxa4 Rxa4  1/2-1/2

[Event "Budapest FS11 IM-A"]
[Site "Budapest"]
[Date "1995.??.??"]
[Round "1"]
[White "Kutuzovic, Branko"]
[Black "Touzane, Olivier"]
[Result "1-0"]
[WhiteElo "2400"]
[BlackElo "2250"]

1.e4 e6 2.d4 d5 3.Nd2 Nc6 4.Ngf3 Nf6 5.e5 Nd7 6.c3 f6 7.Bb5 fxe5 8.dxe5 Nb6
9.Nb3 Bd7 10.Bd3 Be7 11.Qc2 Nc4 12.Qe2 b5 13.Nbd4 Nxd4 14.cxd4 O-O 15.b3 Na3
16.h4 h6 17.Rh3 Bb4+ 18.Kf1 Bc3 19.Rg3 Rxf3 20.Qxf3 Qxh4 21.Ke2 b4 22.Rg4 Qh1
23.Rxg7+ Kxg7 24.Qf6+ Kg8 25.Qg6+  1-0

[Event "Budapest FS06 IM"]
[Site "Budapest"]
[Date "1995.??.??"]
[Round "2"]
[White "Acs, Peter"]
[Black "Kappler, Jean Marie"]
[Result "1-0"]
[WhiteElo "2240"]
[BlackElo "2295"]

1.e4 e6 2.d4 d5 3.Nd2 Be7 4.Bd3 Nf6 5.e5 Nfd7 6.f4 c5 7.c3 cxd4 8.cxd4 Nc6
9.Ne2 Qb6 10.Nf3 f6 11.a3 a5 12.Qc2 Nf8 13.Be3 Bd7 14.Nc3 Rc8 15.Qe2 f5 16.O-O Ng6
17.Kh1 O-O 18.Rg1 Bd8 19.g4 Nce7 20.h4 fxg4 21.Rxg4 Nf5 22.h5 Nge7 23.Rag1 Kh8
24.Qg2 Rg8 25.Nh4 Nxh4 26.Rxg7 Nhg6 27.Rxg8+ Kxg8 28.hxg6 h6 29.g7 Be8 30.Bh7+ Kxh7
31.g8=B+ Nxg8 32.Qg7+  1-0

[Event "Budapest FS03 IM-A"]
[Site "Budapest"]
[Date "1995.??.??"]
[Round "3"]
[White "Coppini, Giorgio"]
[Black "Vigh, Bela"]
[Result "0-1"]
[WhiteElo "2255"]
[BlackElo "2370"]

1.e4 e6 2.d4 d5 3.Nd2 Nc6 4.Ngf3 Nf6 5.e5 Nd7 6.c3 f6 7.exf6 Qxf6 8.Be2 Bd6
9.Nf1 O-O 10.Ng3 e5 11.Qb3 Nb6 12.Ne4 Qg6 13.Nxd6 cxd6 14.Be3 Na5 15.Qb5 Nac4
16.dxe5 Bd7 17.Qb4 a5 18.Qxb6 Nxb6 19.Bxb6 dxe5 20.Nxe5 Qxb6 21.Nxd7 Qxf2+
22.Kd1 Rfe8  0-1

[Event "Budapest FS06 IM"]
[Site "Budapest"]
[Date "1995.??.??"]
[Round "6"]
[White "Gardner, Robert"]
[Black "Kappler, Jean Marie"]
[Result "1-0"]
[WhiteElo "2185"]
[BlackElo "2295"]

1.e4 e6 2.d4 d5 3.Nd2 Be7 4.e5 c5 5.c3 cxd4 6.cxd4 Nc6 7.Ndf3 Nh6 8.Bd3 Nf5
9.Ne2 O-O 10.O-O Qb6 11.b3 Bd7 12.Bb2 Nb4 13.Bb1 Rfc8 14.a3 Nc6 15.Bd3 Na5
16.b4 Nc4 17.Bc3 a5 18.Qb3 axb4 19.axb4 g6 20.Rfb1 Bb5 21.Be1 Bf8 22.g4 Ne7
23.Nc3 Nd2 24.Bxd2 Bxd3 25.Nxd5 Rxa1 26.Nf6+ Kg7 27.Rxa1 Qb5 28.Ra3 Be2 29.Ng5 Nd5
30.Qh3 Nxf6 31.exf6+ Kxf6 32.Qxh7 Rc7 33.Ne4+ Ke7 34.Bg5+ Ke8 35.Ra8+ Kd7
36.Qxf7+ Kc6 37.Qxe6+ Bd6 38.Qxd6+  1-0

[Event "Buenos Aires tt"]
[Site "Buenos Aires"]
[Date "1995.??.??"]
[Round "4"]
[White "Farah, Rodolfo"]
[Black "De Dovitiis, Alejo"]
[Result "1-0"]
[WhiteElo "2165"]
[BlackElo "2340"]

1.e4 e6 2.d4 d5 3.Nd2 Nc6 4.Ngf3 Nf6 5.e5 Nd7 6.c3 f6 7.exf6 Qxf6 8.Bb5 Bd6
9.O-O O-O 10.Nb3 Ne7 11.Bd3 h6 12.Bd2 Ng6 13.Qe2 Nf4 14.Bxf4 Bxf4 15.g3 Bd6
16.Kg2 e5 17.dxe5 Nxe5 18.Nxe5 Bxe5 19.Rae1 Bd6 20.Nd4 Bd7 21.Qh5 c5 22.Qxd5+ Kh8
23.Qxb7 cxd4 24.Qxd7 Qf3+ 25.Kg1 Rad8 26.Qb5 Rb8 27.Qc4 Rbc8 28.Qxd4 Bc5
29.Be4 Qg4 30.Qd5 Bb6 31.Kg2 Rcd8 32.Bf3 Qg6 33.Qc6 Qh7 34.Re2 Qd3 35.Qe4 Qb5
36.a4 Qd7 37.Bg4 Qd6 38.Bh5 Rf6 39.f4 g6 40.Bf3 Rdf8 41.Qe5 Qd8 42.b4 Bc7
43.Qd4 Qc8 44.a5 a6 45.Rfe1 Bd8 46.c4 Kh7 47.Re8 Qc7 48.Bd5 Qd7 49.Bg8+  1-0

[Event "Buenos Aires VII Najdorf op"]
[Site "Buenos Aires"]
[Date "1995.??.??"]
[Round "6"]
[White "Mahia, Gustavo"]
[Black "Giaccio, Alfredo"]
[Result "0-1"]
[WhiteElo "2320"]
[BlackElo "2410"]

1.e4 e6 2.d4 d5 3.Nd2 a6 4.Ngf3 c5 5.Bd3 dxe4 6.Nxe4 cxd4 7.Nxd4 Be7 8.O-O Nf6
9.c3 Bd7 10.Qc2 Nc6 11.Nxc6 Bxc6 12.Bf4 Nd5 13.Bd2 O-O 14.Rad1 Qc7 15.Ng3 g6
16.Bh6 Rfe8 17.c4 Nf4 18.Be4 e5 19.Bxc6 bxc6 20.Rfe1 Ne6 21.Qe4 f6 22.h4 Bf8
23.Bxf8 Nxf8 24.c5 f5 25.Qc4+ Qf7 26.Qc3 Qxa2 27.Rxe5 Rab8 28.Rxe8 Rxe8 29.h5 f4
30.h6 Qf7 31.Nf1 Nd7 32.Nh2 Ne5 33.Re1 Qf5  0-1

[Event "Cannes op"]
[Site "Cannes"]
[Date "1995.??.??"]
[Round "6"]
[White "Mohr, Georg"]
[Black "Bricard, Emmanuel"]
[Result "0-1"]
[WhiteElo "2430"]
[BlackElo "2500"]

1.e4 e6 2.d4 d5 3.Nd2 Nc6 4.Ngf3 Nf6 5.e5 Nd7 6.c3 f6 7.Bb5 fxe5 8.dxe5 Be7
9.Qa4 O-O 10.Bxc6 Nb6 11.Qg4 bxc6 12.Nb3 Qe8 13.h4 c5 14.Bg5 Rf5 15.O-O-O Bf8
16.h5 Nc4 17.h6 g6 18.Bf6 Rb8 19.Rde1 a5 20.Re2 a4 21.Na1 Ba6 22.Rc2 Na5
23.Rd2 Bc4 24.Kb1 Bxa2+ 25.Kxa2 Nc4 26.Rc2 Qb5 27.Kb1 Nxb2 28.Kc1 Nc4 29.Nd2 Kf7
30.Qe2 Qb6 31.Kd1 Nb2+ 32.Ke1 c4 33.Nf3 Nd3+ 34.Kd2 Nxf2 35.Rhc1 Bc5 36.g4 Ne4+
37.Ke1 Rf4 38.Ng5+ Nxg5 39.Bxg5 Re4 40.Kd2 Rxe2+  0-1

[Event "Cannes op"]
[Site "Cannes"]
[Date "1995.??.??"]
[Round "6"]
[White "Howell, James C"]
[Black "Landenbergue, Claude"]
[Result "1/2-1/2"]
[WhiteElo "2520"]
[BlackElo "2430"]

1.e4 e6 2.d4 d5 3.Nd2 a6 4.Ngf3 c5 5.exd5 exd5 6.Be2 c4 7.O-O Bd6 8.Re1 Ne7
9.b3 cxb3 10.axb3 Nbc6 11.Nf1 Bf5 12.Ng3 Bg6 13.Nh4 O-O 14.Nxg6 hxg6 15.Bf3 Bb4
16.Bd2 Bxd2 17.Qxd2 Qd6 18.c3 Rac8 19.Ne2 Rfd8 20.Nf4 a5 21.g3 b5 22.Bg4 Rb8
23.Nd3 b4 24.Nc5 Nf5 25.Bxf5 gxf5 26.Rac1  1/2-1/2

[Event "Cappelle op"]
[Site "Cappelle la Grande"]
[Date "1995.??.??"]
[Round "4"]
[White "Agnos, Demetrios"]
[Black "Lempert, Igor"]
[Result "1/2-1/2"]
[WhiteElo "2445"]
[BlackElo "2510"]

1.e4 e6 2.d4 d5 3.Nd2 Be7 4.c3 c5 5.exd5 exd5 6.Ngf3 Nf6 7.dxc5 Bxc5 8.Bb5+ Nc6
9.O-O O-O 10.Nb3 Bb6 11.Bg5 a6 12.Be2 Re8 13.Bh4 Bg4 14.Nfd4 Bxe2 15.Nxe2 Re4
16.Bxf6 Qxf6 17.Ng3 Re5 18.Nd2 Re7 19.Qf3 Qg5 20.Rad1 g6 21.c4 Ne5 22.Qb3 Ba5
23.cxd5 Bxd2 24.Ne4 Qf5 25.Nxd2 Rd7 26.Nb1 Rad8 27.Nc3 Nd3 28.Qc2 Nf4 29.Qxf5 gxf5
30.Rd4 Nxd5 31.Rfd1 Nf6 32.Rxd7 Rxd7 33.Rxd7 Nxd7  1/2-1/2

[Event "Cappelle op"]
[Site "Cappelle la Grande"]
[Date "1995.??.??"]
[Round "8"]
[White "Hennigan, Michael"]
[Black "Van der Lijn, Bas"]
[Result "1-0"]
[WhiteElo "2410"]
[BlackElo "2190"]

1.e4 e6 2.d4 d5 3.Nd2 Nc6 4.Ngf3 Nf6 5.e5 Nd7 6.c3 f6 7.exf6 Qxf6 8.Be2 Bd6
9.Nf1 b6 10.Bg5 Qf7 11.Bh4 h6 12.Ne3 Bb7 13.Qa4 a6 14.O-O O-O 15.Qc2 Ne7
16.Bg3 Ng6 17.Ng4 Nf4 18.Bxf4 Bxf4 19.Bd3 Qe7 20.Rae1 Bd6 21.Qe2 Rf4 22.h3 a5
23.Qxe6+ Qxe6 24.Rxe6 a4 25.a3 Ba6 26.Bxa6 Rxa6 27.Re2 Ra5 28.Nfe5 Bxe5 29.Nxe5 Nxe5
30.dxe5 Ra8 31.f3 Raf8 32.Rd1 c6 33.Kf2 g5 34.Rd4 Kf7 35.g3 Rxd4 36.cxd4 c5
37.Rc2 c4 38.Ke3 Ke6 39.Rf2 b5 40.Kd2 Rg8 41.Kc3 b4+ 42.Kxb4 Rb8+ 43.Kxa4 Rb3
44.f4 gxf4 45.gxf4 Kf5 46.Re2  1-0

[Event "Cappelle op"]
[Site "Cappelle la Grande"]
[Date "1995.??.??"]
[Round "8"]
[White "Dvoirys, Semen I"]
[Black "Lempert, Igor"]
[Result "1/2-1/2"]
[WhiteElo "2550"]
[BlackElo "2510"]

1.e4 e6 2.d4 d5 3.Nd2 Be7 4.e5 c5 5.c3 Nc6 6.Ndf3 cxd4 7.cxd4 Bb4+ 8.Bd2 Qb6
9.Ne2 Nge7 10.g3 Bd7 11.Bh3 O-O 12.O-O Bxd2 13.Qxd2 Na5 14.Rfe1 Nc4 15.Qg5 Ng6
16.b3 Na3 17.Qd2 Rfc8 18.Rac1 a5 19.Rxc8+ Rxc8 20.Rc1 Ra8 21.Ne1 a4 22.Nd3 axb3
23.axb3 Nb5 24.Nc5 Bc6 25.Bf1 Qa7 26.Nc3 Nxc3 27.Qxc3 h6 28.b4 Ne7 29.b5 Be8
30.Qb4 Nc8 31.Bh3 Qb6 32.Rb1 Ra2 33.Bf1 Ra8 34.Bd3 Rb8 35.Qa3 Na7 36.h4 Rc8
37.Qb4 Rb8 38.Ra1 Nc8 39.Kg2 Qd8 40.Rc1 b6 41.Na6 Rb7 42.h5 Na7 43.f4 f6
44.Be2 fxe5 45.dxe5 g6 46.hxg6 Bxg6 47.Qd6 Qxd6 48.exd6 Be8 49.Nc7 Bd7 50.Bg4 Nc8
51.Nxd5 Nxd6 52.Nf6+ Kg7 53.Nxd7 Rxd7 54.Rd1 Kf6 55.Bf3 Rd8 56.Bc6 Nf7 57.Ra1 Rd2+
58.Kf3 Nd6 59.Ra8 Rb2 60.Rf8+ Kg7 61.Rb8 Nxb5 62.Ke4 Kf6 63.Bxb5 Rxb5 64.g4 Rb4+
65.Kf3 Rb3+ 66.Ke4 Rg3 67.g5+ hxg5 68.fxg5+ Kxg5 69.Rxb6  1/2-1/2

[Event "Castellar op"]
[Site "Castellar"]
[Date "1995.??.??"]
[Round "?"]
[White "Hernandez, X."]
[Black "Mellado Trivino, Juan"]
[Result "0-1"]
[WhiteElo "2125"]
[BlackElo "2460"]

1.e4 e6 2.d4 d5 3.Nd2 Nc6 4.Ngf3 Nf6 5.exd5 exd5 6.Bb5 Bd6 7.Qe2+ Be6 8.Ne5 O-O
9.Bxc6 bxc6 10.O-O c5 11.dxc5 Bxc5 12.Nb3 Bb6 13.Bg5 h6 14.Bxf6 Qxf6 15.Kh1 Rfe8
16.f4 Qf5 17.Qd2 f6 18.Nc6 Bd7 19.Nbd4 Qh5 20.Rae1 Rxe1 21.Rxe1 Re8 22.c3 Re4
23.Ne7+ Kf7 24.Ndc6 Rxe1+ 25.Qxe1 Kf8 26.f5 Bxf5 27.Nxd5 Be4 28.Nf4 Qb5 29.Nd8 Qxb2
30.h4 f5 31.Nfe6+ Ke7 32.Qg3 Qc1+ 33.Kh2  0-1

[Event "Celle Ligure op"]
[Site "Celle Ligure"]
[Date "1995.??.??"]
[Round "?"]
[White "Duarte, Marcelo R"]
[Black "Cazzaniga, Walter"]
[Result "0-1"]
[WhiteElo "1915"]
[BlackElo "2145"]

1.e4 e6 2.d4 d5 3.Nd2 Nc6 4.c3 e5 5.exd5 Qxd5 6.Bc4 Qxg2 7.Qf3 Qxf3 8.Ngxf3 exd4
9.Nxd4 Nxd4 10.cxd4 Bb4 11.O-O Ne7 12.a3 Bd6 13.Ne4 O-O 14.Nxd6 cxd6 15.Bg5 Nf5
16.Rad1 h6 17.Bc1 Nh4 18.Rd3 Bd7 19.Bd2 Rac8 20.Rc1 Rfe8 21.Re3 Rxe3 22.Bxe3 Be6
23.Be2 Rxc1+ 24.Bxc1 Bd5 25.Bf4 Nf5 26.Kf1 Be4 27.f3 Bb1 28.Kf2 Kf8 29.Bc4 Ke7
30.Bd5 b6 31.Be3 Bd3 32.Be4 Bxe4 33.fxe4 Nxe3 34.Kxe3 Ke6 35.Kf4 d5 36.e5 f6
37.exf6 Kxf6 38.b3 g5+ 39.Kg4 Kg6  0-1

[Event "Clichy"]
[Site "Clichy"]
[Date "1995.??.??"]
[Round "?"]
[White "Boudre, Jean Pierre"]
[Black "Prie, Eric"]
[Result "1/2-1/2"]
[WhiteElo "2380"]
[BlackElo "2480"]

1.e4 e6 2.d4 d5 3.Nd2 Be7 4.c3 dxe4 5.Nxe4 Nf6 6.Bd3 Nxe4 7.Bxe4 c5 8.Be3 Nd7
9.Nf3 O-O 10.O-O cxd4 11.Bxd4 Bc5 12.Re1 Bxd4 13.Nxd4 Qb6 14.Qc2 Nf6 15.Bd3 Bd7
16.f4 Rfd8 17.Rad1 Rac8 18.h3 Rc5 19.Qf2 Rd5 20.Re5 Qc7 21.Rde1 a6 22.Bc2 Bc8
23.Bb3 Rxe5 24.Rxe5 h6 25.Qe3 Kh8 26.Qg3 Nd7 27.Re1 Nc5 28.Bc2 b5 29.Kh2 b4
30.Re5 a5 31.f5 f6 32.Rxc5 Qxc5 33.fxe6 Qe5 34.Bg6 bxc3 35.bxc3 Rxd4 36.cxd4 Qxg3+
37.Kxg3 Bxe6 38.a3 Kg8 39.Kf4 Kf8 40.Ke4 Ke7 41.Bf5 Ba2 42.Bc8 Kd6 43.Bb7 Bb1+
44.Ke3 g5 45.g3 f5 46.h4  1/2-1/2

[Event "ESP-chT"]
[Site "Cordoba"]
[Date "1995.??.??"]
[Round "2"]
[White "Izeta Txabarri, Felix"]
[Black "Rivas Pastor, Manuel"]
[Result "1-0"]
[WhiteElo "2515"]
[BlackElo "2515"]

1.e4 e6 2.d4 d5 3.Nd2 Be7 4.Bd3 c5 5.dxc5 Nf6 6.Qe2 Nc6 7.Ngf3 O-O 8.e5 Nd7
9.Nb3 Nxc5 10.Nxc5 Qa5+ 11.c3 Qxc5 12.h4 f5 13.exf6 gxf6 14.Be3 Qd6 15.Ng5 fxg5
16.hxg5 Rf7 17.Bxh7+ Kf8 18.Bg6 Ne5 19.Rh8+  1-0

[Event "CZE-chT 9495"]
[Site "?"]
[Date "1995.??.??"]
[Round "2"]
[White "Prandstetter, Eduard"]
[Black "Netusil, Miroslav"]
[Result "1/2-1/2"]
[WhiteElo "2370"]
[BlackElo "2295"]

1.e4 e6 2.d4 d5 3.Nd2 Be7 4.Ngf3 dxe4 5.Nxe4 Nf6 6.Bd3 Nbd7 7.c3 c5 8.O-O cxd4
9.cxd4 Nxe4 10.Bxe4 Nf6 11.Bc2 Bd7 12.Ne5 Rf8 13.Be3 Bb5 14.Nd3 Bc6 15.f3 Nd5  1/2-1/2